000 00434nam a2200181Ia 4500
001 19162
005 20260306171724.0
008 260306s9999||||xx |||||||||||||| ||und||
041 _aESP
082 _a658.8
_bR41
100 _aRenvoisé, Patrick
_eAUT
245 0 _aNeuromárketing, el nervio de la venta
260 _c2014
300 _a206 páginas :
_c24 cm.
650 _aGEN
654 _aCAN
942 _cLIB
_dJUS
_fJUS
_2ddc
_n
999 _c19162
_d19162